000 00664nam a2200205Ii 4500
003 JO-AjNU
008 230605s9999||||xx |||||||||||||| ||und||
017 _a1983/8/431
040 _aJO-AjNU
_bara
_erda
_cJO-AjNU
041 _aara
050 1 4 _aPJ7838.S3.A16 1984
100 3 _aتأليف موسى،عصام سليمان,
_eauthor
_949282
245 0 0 _aإنعدام الوزن: قصص قصيرة
264 3 1 _aعمان:رابطة الكتاب الأردنيين،1984
300 _a134ص
336 _atext
_btxt
_2rdacontent
337 _aunmediated
_bn
_2rdamedia
338 _avolume
_bnc
_2rdacarrier
650 4 _aالأدب العربي - قصص
_949283
999 _aA21636
_c25204
_d25204